2025-2026 NBA AVG Minutes per game - Statistics

General Stats
  • This quiz has been taken 100 times
  • The average score is 41 of 51
Answer Stats
Hint Answer % Correct
36.7 HOU Kevin Durant
100%
38.5 PHI Tyrese Maxey
100%
35.5 LAL Luka Doncic
97%
33.8 HOU Alperen Sengun
96%
35.8 ATL Jalen Johnson
96%
35.4 DEN Jamal Murray
96%
35.6 SAC Keegan Murray
96%
35.5 MIN Anthony Edwards
95%
34.9 DET Cade Cunningham
95%
34.7 NYK Jalen Brunson
95%
33.5 CLE Donovan Mitchell
93%
35 CLE James Harden
93%
34.4 TOR Scottie Barnes
93%
37.2 HOU Amen Thompson
92%
34.3 BOS Jaylen Brown
92%
34.7 ORL Paolo Banchero
92%
33.9 UTA Keyonte George
91%
34.3 DEN Nikola Jokic
91%
32.8 CLE Evan Mobley
89%
34.4 BOS Derrick White
88%
33.7 IND Pascal Siakam
88%
34.1 DAL Cooper Flagg
85%
33.3 LAL LeBron James
85%
34.2 NYK Mikal Bridges
85%
32.2 CHA Miles Bridges
85%
32.1 SAC Demar DeRozan
84%
33.5 LAL Austin Reaves
81%
33.9 TOR Brandon Ingram
81%
33.3 PHX Devin Booker
81%
35.6 NOP Trey Murphy
80%
33.5 MIL Kevin Porter
78%
32.9 BKN Michael Porter Jr.
78%
35.4 PHI VJ Edgecombe
77%
33.5 POR Deni Avdija
76%
32.8 LAC Kawhi Leonard
76%
33.2 NYK OG Anunoby
76%
33.3 OKC Shai Gilgeous-Alexander
76%
33.3 MIN Julius Randle
73%
34 ORL Desmond Bane
72%
33.6 ATL Dyson Daniels
70%
35 HOU Jabari Smith
70%
32.2 MIN Jaden McDaniels
68%
32.8 BOS Payton Pritchard
68%
31.8 SA DeAaron Fox
66%
32.4 TOR Immanuel Quickley
62%
32.7 PHI Kelly Oubre Jr.
55%
33.3 ATL Nickeil Alexander-Walker
55%
32.1 MIL Ryan Rollins
53%
32.1 CHA Kon Knueppel
50%
33.3 POR Toumani Camara
45%
34.4 UTA Lauri Markannen
23%
No matching quizzes found
Score Distribution
Percent of People with Each Score
Percentile by Number Answered
Your Score History
You have not taken this quiz